Bosquejo histórico de la literatura chilena: Período colonial
Сохранить в:
| Главный автор: | |
|---|---|
| Формат: | |
| Язык: | испанский |
| Опубликовано: |
Santiago
Imprenta Universitaria
1918
|
| Редактирование: | 1a. ed |
| Предметы: | |
| Метки: |
Добавить метку
Нет меток, Требуется 1-ая метка записи!
|
MARC
| LEADER | 00000nam a2200000 a 4500 | ||
|---|---|---|---|
| 001 | UCJ5083 | ||
| 003 | CL-VaPUC | ||
| 005 | 20230731092514.0 | ||
| 008 | 070124e19180000CL |||||||||||||||||spa|d | ||
| 999 | |c 321196 |d 321194 | ||
| 040 | |c Pontificia Universidad Católica de Valparaíso | ||
| 082 | 0 | 4 | |a Ch860 |b AMU |2 21 |
| 100 | 0 | |a Amunátegui Solar, Domingo |e author |9 444723 | |
| 245 | 1 | 0 | |a Bosquejo histórico de la literatura chilena: Período colonial |
| 250 | |a 1a. ed | ||
| 260 | |a Santiago |b Imprenta Universitaria |c 1918 | ||
| 300 | |a 106 p | ||
| 583 | |a last modification |c 20170905 01:33:20 |k Rodrigo Vera | ||
| 600 | 0 | |a Ercilla y Zúñiga, Alonso de |e autor |9 267605 | |
| 600 | 0 | |a Oña, Pedro de, |d 1570-1643 |9 316411 | |
| 600 | 0 | |a Ovalle, Alonso de, |d 1601-1651 |9 879554 | |
| 600 | 0 | |a Molina, Juan Ignacio, |d 1740-1829 |q Molina, Giovanni Ignazio |9 329528 | |
| 600 | 0 | |a Lacunza y Díaz, Manuel |d 1731-1801 |q Ben-Ezra, Juan Josafat |9 505297 | |
| 650 | 0 | |a Literatura colonial |9 316413 | |
| 650 | 0 | |a Crítica literaria |9 269189 | |
| 650 | 0 | |a Escatología |9 314395 | |
| 651 | 7 | |a CHILE |2 CL-VaPUC |9 509846 | |
| 942 | |c BK |2 ddc | ||
| 945 | |d 20070124 00:00:00 |a rinostro | ||
| 952 | |0 0 |1 0 |4 0 |6 CH_860_000000000000000_AMU_1918 |7 0 |8 X |9 399886 |a FDOBUD |b FDOBUD |d 2019-11-22 |i 1029800 |o Ch860 AMU 1918 |p 1029800 |r 2019-11-22 |w 2019-11-22 |y BK_X |k BUD | ||